000 00754nam a22002177a 4500
003 UA-OsUOA
001 102610
007 ta
008 20130926b un ||||| |||| 00| 0 ukr d
100 _aХодань О.
090 _a82
_bХ69
942 _cSA
040 _aUA-OsUOA
_bukr
_cUA-OsUOA
_dUA-OsUOA
245 _aНестандартний урок з української літературияк засіб активізації пізнавальної діяльності учнів
300 _aС.29-33
955 _a0
041 _aukr
080 _a82
773 0 _w102606
_tУкраїнська мова і література в школі
_dК.
_d2013
_g4
650 7 _a82 Література. Літературознавство
_2UDC
999 _c388878
_d388878